KUS Zvolen Kulpín päťdesiat rokov obnovenej činnosti

Bibliographic Details
Main Author: Pucovská, Katarína, 1956- (Author, Photographer)
Other Authors: Pucovský, Martin (Photographer), Francistyová, Anna, 1962- (Photographer), Pucovský, Juraj (Photographer), Cesnak, Vlastislav, 1945- (Photographer), Bovdiš, Igor, 1986- (Photographer), Miháľ, Ondrej, 1956- (Photographer), Spevák, Juraj (Photographer)
Format: Book
Language:Slovak
PhysicalDescription:200 strán fotografie (prevažne farebné), portréty 24 cm
Published: Kulpín Báčsky Petrovec Miestny odbor Matice slovenskej Slovenské vydavateľské centrum 2023
ISBN:9788671035996
Subjects:

MARC

LEADER 00000cam a2200000 4500
001 vtls012241361
003 SK-MaSNL
005 20260301132457.0
008 231010s2023 rb oc gr 000 0 slo
015 |a SNBZSA2024/05 
020 |a 9788671035996  |q (viazané) 
040 |a SNK  |b slo  |c SNK  |e rda 
041 0 |a slo 
043 |a e-rb--- 
044 |a rb  |c RS 
072 7 |a 316.7  |x Sociológia kultúry. Kultúrny život  |2 konspekt 
072 7 |a 061.2  |x Mimovládne organizácie a kooperácia  |2 konspekt 
080 |a 72/76:061.2  |2 2011 
080 |a (497.11)  |2 2011 
080 |a (084.11)  |2 2011 
080 |a (082.2)  |2 2011 
080 |a 323.15  |2 2011 
080 |a (0:82-94)  |2 2011 
080 |a 316.72/.75-027.22  |2 2011 
080 |a 316.7:061  |2 2011 
100 1 |a Pucovská, Katarína,  |d 1956-  |4 aut  |4 pht  |9 205018 
245 1 0 |a KUS Zvolen Kulpín  |b päťdesiat rokov obnovenej činnosti  |c Katarína Pucovská 
264 1 |a Kulpín  |b Miestny odbor Matice slovenskej  |a Báčsky Petrovec  |b Slovenské vydavateľské centrum  |c 2023 
300 |a 200 strán  |b fotografie (prevažne farebné), portréty  |c 24 cm 
336 |a text  |b txt  |2 rdacontent 
336 |a statický obraz  |b sti  |2 rdacontent 
337 |a bez média  |b n  |2 rdamedia 
338 |a zväzok  |b nc  |2 rdacarrier 
366 |e 250 kusov 
610 2 7 |a Kultúrno-umelecký spolok Zvolen (Kulpín, Srbsko)  |2 SNKKA  |9 244469 
648 7 |a 1948-2022  |2 SNKPH  |9 483336 
650 0 7 |a umelecké spolky  |2 SNKPH  |9 83102 
650 0 7 |a Art associations  |2 SNKPHeng  |9 274418 
650 0 7 |a Slováci v zahraničí  |2 SNKPH  |9 14695 
650 0 7 |a Slovaks in foreign  |2 SNKPHeng  |9 265147 
650 0 7 |a kultúrny život  |2 SNKPH  |9 3182 
650 0 7 |a Cultural life  |2 SNKPHeng  |9 265153 
650 0 7 |a kultúrne spolky  |2 SNKPH  |9 29804 
650 0 7 |a Cultural associations  |2 SNKPHeng  |9 266607 
651 7 |a Kulpín (Srbsko)  |2 SNKPHgeo  |9 86688 
651 7 |a Kulpin (Serbia)  |2 SNKPHeng  |9 483337 
655 7 |a obrazové publikácie  |2 SNKPH  |9 70343 
655 7 |a Pictorial works  |2 SNKPHeng  |9 284468 
655 7 |a jubilejné publikácie  |2 SNKPH  |9 70339 
655 7 |a Jubilee books  |2 SNKPHeng  |9 281827 
655 7 |a spomienky  |2 SNKPH  |9 29509 
655 7 |a Reminiscences  |2 SNKPHeng  |9 93477 
700 1 |a Pucovský, Martin  |4 pht  |9 483338 
700 1 |a Francistyová, Anna,  |d 1962-  |4 pht  |9 473392 
700 1 |a Pucovský, Juraj  |4 pht  |9 483339 
700 1 |a Cesnak, Vlastislav,  |d 1945-  |4 pht  |9 483340 
700 1 |a Bovdiš, Igor,  |d 1986-  |4 pht  |9 242012 
700 1 |a Miháľ, Ondrej,  |d 1956-  |4 pht 
700 1 |a Spevák, Juraj  |4 pht  |9 265245 
852 |a Slovenská národná knižnica 
919 |a 978-86-7103-599-6 
954 |a odborná, vedecká literatúra pôvodná (slovenská)  |2 lita 
958 |a ZS 
958 |a NM 
999 |c 751059  |d 752989 
952 |a SNK  |b SNK  |y PREZ  |7 0  |p 17A1543121  |o snkSC 206335  |i snk2024/5840  |8 2  |g 13.10  |0 0  |1 0  |4 0  |d 2023-12-04  |l 0  |r 2025-10-29 00:00:00  |w 2026-02-23 
952 |a SNK  |b SNK  |y VYP  |7 0  |p 17A1575521  |o snkSC 206335 D1  |i snk2025/10035  |8 2  |g 13.10  |0 0  |1 0  |4 0  |d 2025-01-13  |l 0  |r 2026-02-23 23:31:35  |w 2026-02-23